Sopranos Who Killed Who - Statistics

General Stats
  • This quiz has been taken 962 times
  • The average score is 26 of 37
Answer Stats
Season Killed Last Words Manner of Death Killer % Correct
2 Pussy Bonpensiero "I gotta sit down. I feel like I can't stand. Is that okay, Tony? Can I sit?" Sig Sauer p226, Smith and Wesson 5946, and Beretta 92fs shots to chest Tony Soprano, Paulie Gaultieri, and Silvio Dante
92%
1 Fabian Petrulio "Please, Tony, I'm begging you." Garroted Tony Soprano
91%
1 Emil Kolar "Emil." Glock 19 shot to the back of the head Christopher Moltisanti
88%
2 Richie Aprile "Get the f*** outta here. I'm in no mood for your–" Sig Sauer p226 shots to chest and forehead Janice Soprano
88%
4 Ralph Cifaretto "You fat f***!" Beaten and strangled to death Tony Soprano
88%
5 Adriana La Cerva "No!" Beretta 92fs Inox shots Silvio Dante
87%
5 Tony Blundetto Unknown Itacha 37 12 gauge shotgun shot to face and chest Tony Soprano
86%
6B Christopher Moltisanti "I'll never pass a drug test. Call me a taxi." Suffocated after experiencing trauma from car crash Tony Soprano
86%
2 Matthew Bevilaqua "I swear to God! Mommy! Mommy! Please, Tony, please!" Glock 19 shots to head and chest Tony Soprano and Pussy Bonpensiero
86%
1 Mikey Palmice "No, come on! Please, please, please!" Smith and Wesson 5946 and Feg r9 shots to chest and abdomen Paulie Gaultieri and Christopher Moltisanti
83%
3 Tracee "That make you feel good? You feel like a man?" Beaten to death Ralph Cifaretto
83%
6A Vito Spatafore "No!" Beaten to death with pool cues Dom Gamiello and Gerry Torciano
82%
5 Billy Leotardo "F***!" Sig Sauer p226 Nickel shots to head and chest Tony Blundetto
81%
1 Brendan FIlone Unknown Glock 19 shot through the eye while in bathtub Mikey Palmice
80%
1 Jimmy Altieri "God." Glock 19 shot to the back of the head Silvio Dante and Christopher Moltisanti
80%
4 Gloria Trillo Unknown Hanging Herself
79%
6A Eugene Pontecorvo "Okay." Hanging Himself
78%
3 Jackie Aprile Jr. "What're you laughing at?" Subcompact pistol, most likely .22lr or .25 Acp, shot to the back of the head Vito Spatafore
77%
6B J.T. Dolan "Chris, you're in the mafia!" Glock 19 shot to the forehead Christopher Moltisanti
76%
5 Raoul (Waiter) "Yeah, right. Go piss it away at blackjack, f***ing a*******!" Remington nickel 1911 shot to the chest and trauma to head Paulie Gaultieri and Christopher Moltisanti
76%
5 Joey Peeps Peparelli "Hey! Tony, right? You come here too?" Beretta 84fs Nickel shot to the head Tony Blundetto
75%
5 Angelo Garepe "Philly! For God's sake, you know me!" Sig Sauer p226 Nickel shots to the face Phil Leotardo and Billy Leotardo
71%
6A Dom Gamiello "My mistake. Carlo's lipstick was on Vito's c***!" Stabbed to death with kitchen knife Carlo Gervasi and Silvio Dante
70%
4 Minn Matrone "No! Oh no!" Suffocated by pillow Paulie Gaultieri
70%
2 Sean Gismonte "Seatbelt, f***ing seatbelt!" Walther PPK shot to the head Christopher Moltisanti
63%
2 Philly Parisi "There you go, kid." Glock 19 shot to the head Gigi Cestone
58%
6B Bobby Baccala "He don't care." Glock 19 shots to chest and stomach Phil Leotardo's Hitmen
56%
6B Phil Leotardo "I should get a sixty day supply of the Plavix–" Kahr K9 shots to head and chest, head subsequently crushed by SUV Walden Belfiore
56%
1 Chucky Signore "No s***" Beretta 85bb shots to chest and abdomen Tony Soprano
54%
1 Vin Makazian "Come on, goddammit! Come on! Let's go, let's go, let's go!" Fall and drowning Himself
52%
3 Mustang Sally "I don't know. Maybe I should send him something. Some flowers or some s***." Sig Sauer p225 shot to the head Bobby Baccala Sr.
50%
3 Sunshine "If you can keep your head while those around you can't, then you're–" Glock 19 shots to chest Jackie Aprile Jr.
48%
6B Burt Gervasi "Yeah?" Garroted Silvio Dante
41%
4 Barry Haydu "I'm sorry! I'm sorry!" Glock 19 shots to the head Christopher Moltisanti
40%
6A Rusty Millio "Eastern Parkway! Not the Belt Parkway." Gunshot to the head Salvatore and Italo
40%
5 Lorraine Calluzo "Oh no!" Smith and Wesson 4405 shot Billy Leotardo
36%
6B Rene LeCours "Allo, Natalie." Beretta 92fs shots to chest and forehead Bobby Baccala
25%
No matching quizzes found
Score Distribution
Percent of People with Each Score
Percentile by Number Answered
Your Score History
You have not taken this quiz